[Event "Titled Tuesday intern op 28th Jan Early"]
[Site "Chess.com INT"]
[Date "2025.01.28"]
[Round "6"]
[White "Gusev, Mikhail"]
[Black "Manukyan, Sargis A"]
[Result "0-1"]
[WhiteElo "2273"]
[BlackElo "2233"]
[PlyCount "98"]
[EventDate "2025.01.28"]
[EventType "swiss (blitz)"]
[EventRounds "11"]
[EventCountry "USA"]
[SourceTitle "CB06_2025"]
[SourceDate "2025.02.05"]
[SourceVersion "1"]
[SourceVersionDate "2025.02.05"]
[SourceQuality "1"]

1. d4 d5 2. Nf3 Nf6 3. g3 e6 4. Bg2 Be7 5. 0-0 0-0 6. Nbd2 c5 7. c3 Nc6 8. a3 cxd4 9. cxd4 Bd7 10. Re1 Rc8 11. e4 dxe4 12. Nxe4 Nxe4 13. Rxe4 Bf6 14. Bf4 Ne7 15. Be5 Bxe5 16. dxe5 Bc6 17. Re2 Qb6 18. Rd2 Rfd8 19. Rxd8+ Rxd8 20. Qe2 h6 21. b4 Nf5 22. Rd1 a5 23. Rxd8+ Qxd8 24. b5 Bxf3 25. Bxf3 b6 26. Qd1 Qxd1+ 27. Bxd1 Nd4 28. a4 g5 29. f4 Kg7 30. Kf2 f6 31. Ke3 Nf5+ 32. Ke4 Ne7 33. Bb3 Kf7 34. g4 gxf4 35. exf6 Ng6 36. Bc2 Kxf6 37. Bd1 Kg5 38. Bf3 Kh4 39. Kd4 Kh3 40. Be4 Nh4 41. Ke5 f3 42. Kd6 f2 43. Bd3 Kxg4 44. Kc6 e5 45. Kxb6 Kf3 46. Kxa5 e4 47. Bc4 Nf5 48. b6 Nd6 49. Bd5 f1Q 0-1

[Event "Titled Tuesday intern op 28th Jan Early"]
[Site "Chess.com INT"]
[Date "2025.01.28"]
[Round "8"]
[White "Manukyan, Sargis A"]
[Black "Haddouche, Mohamed Amine"]
[Result "0-1"]
[WhiteElo "2233"]
[BlackElo "2490"]
[PlyCount "68"]
[EventDate "2025.01.28"]
[EventType "swiss (blitz)"]
[EventRounds "11"]
[EventCountry "USA"]
[SourceTitle "CB06_2025"]
[SourceDate "2025.02.05"]
[SourceVersion "1"]
[SourceVersionDate "2025.02.05"]
[SourceQuality "1"]

1. d4 Nf6 2. c4 g6 3. Nc3 Bg7 4. Nf3 d6 5. h3 0-0 6. Bf4 c5 7. d5 b5 8. cxb5 Qa5 9. Bd2 a6 10. bxa6 Bxa6 11. e4 Bxf1 12. Kxf1 Nbd7 13. g3 Nb6 14. b3 c4 15. Kg2 Nfd7 16. Qc2 Rfc8 17. Rhc1 Nc5 18. Rab1 Nd3 19. Na4 Qa6 20. Nxb6 Qxb6 21. bxc4 Qxf2+ 22. Kh1 Qxf3+ 23. Kh2 Qe2+ 24. Kh1 Nf2+ 25. Kg2 Nxe4+ 26. Kh1 Nxd2 27. Rg1 Rxc4 28. Qd1 Qxd1 29. Rbxd1 Rxa2 30. Rg2 Rcc2 31. h4 Nf3 32. Rdg1 Rxg2 33. Rxg2 Ra1+ 34. Rg1 Rxg1# 0-1

[Event "Titled Tuesday intern op 28th Jan Early"]
[Site "Chess.com INT"]
[Date "2025.01.28"]
[Round "4"]
[White "Modric, Nesa"]
[Black "Manukyan, Sargis A"]
[Result "0-1"]
[WhiteElo "2088"]
[BlackElo "2233"]
[PlyCount "100"]
[EventDate "2025.01.28"]
[EventType "swiss (blitz)"]
[EventRounds "11"]
[EventCountry "USA"]
[SourceTitle "CB06_2025"]
[SourceDate "2025.02.05"]
[SourceVersion "1"]
[SourceVersionDate "2025.02.05"]
[SourceQuality "1"]

1. d4 d5 2. Bg5 h6 3. Bh4 g5 4. Bg3 Bg7 5. e3 c5 6. c3 Nc6 7. Nf3 cxd4 8. exd4 Nf6 9. Nbd2 Bf5 10. Ne5 0-0 11. Ndf3 Ne4 12. Bd3 f6 13. Nxc6 bxc6 14. 0-0 Bg6 15. Qe2 h5 16. h4 g4 17. Nd2 Nxg3 18. fxg3 Bxd3 19. Qxd3 e5 20. Qf5 Qe8 21. Rae1 Rb8 22. b4 a5 23. a3 axb4 24. axb4 Ra8 25. Nb3 Ra3 26. Nc5 Rxc3 27. Ne6 Rf7 28. Ng5 fxg5 29. Qxg5 e4 30. Rxf7 Qxf7 31. Rf1 Qe8 32. Rf5 e3 33. Re5 Qf8 34. Qg6 e2 35. Rxe2 Rc1+ 36. Kh2 Rh1+ 37. Kxh1 Qf1+ 38. Kh2 Qxe2 39. Qxh5 Bxd4 40. Qg6+ Kf8 41. Qd6+ Kf7 42. Qxc6 Qd1 43. Qxd5+ Ke7 44. Qe4+ Kd6 45. Qg6+ Kd5 46. Qf7+ Ke4 47. Qg6+ Ke3 48. Qe6+ Kd2 49. Qh6+ Kc3 50. Qc6+ Kb2 0-1

[Event "Titled Tuesday intern op 14th Jan Early"]
[Site "Chess.com INT"]
[Date "2025.01.14"]
[Round "7"]
[White "Manukyan, Sargis A"]
[Black "Obregon Garcia, Roxangel"]
[Result "0-1"]
[WhiteElo "2233"]
[BlackElo "2108"]
[PlyCount "120"]
[EventDate "2025.01.14"]
[EventType "swiss (blitz)"]
[EventRounds "11"]
[EventCountry "USA"]
[SourceTitle "CB04_2025"]
[SourceDate "2025.01.22"]
[SourceVersion "1"]
[SourceVersionDate "2025.01.22"]
[SourceQuality "1"]

1. e4 c5 2. Nc3 d6 3. g3 Nc6 4. Bg2 g6 5. Nge2 Bg7 6. 0-0 e6 7. d3 Nge7 8. Be3 Rb8 9. Qd2 b5 10. a3 Nd4 11. Rac1 0-0 12. Bh6 Nxe2+ 13. Nxe2 b4 14. Bxg7 Kxg7 15. axb4 Rxb4 16. b3 Qc7 17. f4 d5 18. g4 f5 19. gxf5 gxf5 20. Ng3 Kh8 21. Qc3+ d4 22. Qd2 Bb7 23. Rce1 Rb6 24. exf5 exf5 25. Bxb7 Qxb7 26. Re5 Nd5 27. Rfe1 Ne3 28. R1xe3 dxe3 29. Qxe3 Rbf6 30. Qxc5 Qf3 31. Qf2 Qd1+ 32. Re1 Qg4 33. Kg2 h5 34. Qf3 h4 35. Qxg4 fxg4 36. Ne2 Re6 37. Kf2 Rfe8 38. d4 g3+ 39. hxg3 hxg3+ 40. Kf3 Re3+ 41. Kg4 Rxe2 42. Rh1+ Kg7 43. c4 g2 44. Rg1 R8e3 45. d5 Rxb3 46. d6 Rd3 47. c5 a5 48. Kf5 Kf7 49. Rc1 Rd5+ 50. Kg4 Rc2 51. Rg1 Rdxc5 52. d7 Rd5 53. f5 Rxd7 54. Kg5 a4 55. f6 Rd5+ 56. Kh6 Kxf6 57. Kh7 Rd3 58. Kg8 Rd8+ 59. Kh7 Rc7+ 60. Kh6 Rh8# 0-1